00517nam a22001817a 45000050016000000100029000160200026000450350027000710370013000980370012001110820014001231000018001372450048001552600034002032700046002373000033002835000019003162011103105335.0 aENG-103993 B-458865-894 a9788120342354c325.00 aEN-87526 B-458865-894 bDBAD/PUB bRBC/Ven a620.001511 aDwivedi, A.P.10aEngineering mathematics /cby A.P. Dwivedi aNew DelhibPHI Learningc2012 aM-97, Connaught CircusbNew Delhie110001 aV.3(xiii,414p.) c24cm (pbk) aIncludes index